<Der> Unternehmer Seine ökonomische Funktion und gesellschaftspolitische Verantwortung

Gespeichert in:
Bibliographische Detailangaben
1. Verfasser: Werhahn, Peter H.
Format: Buch
Sprache:Deutsch
Veröffentlicht: Trier Paulinus 1990
Ausgabe:2. Aufl.
Schriftenreihe:Ordo Socialis
Schlagworte:
Tags: Tag hinzufügen
Keine Tags, Fügen Sie das erste Tag hinzu!

MARC

LEADER 00000nam a2200000 4500
001 c010189
005 20221206122758.3
020 |a 3-7902-5200-X 
041 0 |a ger 
044 |a DE 
245 1 0 |a <Der> Unternehmer  |b Seine ökonomische Funktion und gesellschaftspolitische Verantwortung  |c Peter H. Werhahn 
250 |a 2. Aufl. 
264 1 |a Trier  |b Paulinus  |c 1990 
300 |a 91 s. 
490 1 |a Ordo Socialis 
830 0 |a Ordo Socialis 
610 2 0 |a podnikatelia 
610 2 0 |a podnikanie 
610 2 0 |a história 
610 2 0 |a hospodárstvo trhové 
610 2 0 |a hospodárstvo plánované 
610 2 0 |a politika sociálna 
610 2 0 |a teória a prax 
100 1 |a Werhahn, Peter H.